| 000 | 01065cad a22002055a 4500 | ||
|---|---|---|---|
| 001 | L145922 | ||
| 008 | 081121s2008 xxk f 000 0 eng d | ||
| 035 | _a(Sirsi) u145922 | ||
| 041 | 0 | _aeng | |
| 100 | 1 | _aPackham, Mike | |
| 245 | 0 | 4 |
_aPlans in practice _h[electronic resource] |
| 260 |
_aLondon _bRedactivepublishing _c2008 |
||
| 490 |
_aFM World _vOctober 2008 |
||
| 520 | _aThe final part of a three-part series. Looks at whole-life and life-cycle costing in practice. Focuses on some of the more practical issues that the life-cycle/whole-life cost modeller is likely to encounter. These fall into two distinct yet interrelated categories: those that derive from the supply chain and those that relate to the data itself. (See also L145920 and L145921). | ||
| 590 | _aKA | ||
| 651 | 4 |
_aUnited Kingdom _y |
|
| 690 | _aMANAGEMENT-BUSINESS MANAGEMENT-COST MANAGEMENT-COST ANALYSIS-LIFE CYCLE COSTING | ||
| 856 | 4 | 0 |
_uhttps://www.fm-world.co.uk/features/feature-articles/plans-in-practice/ _zView the article free of charge at www.fm-world.co.uk... |
| 942 | _n0 | ||
| 999 |
_c80980 _d80980 |
||